[Event "AUS-ch U18"]
[Site "Brisbane"]
[Date "2005.12.30"]
[Round "3"]
[White "Ly, Moulthun"]
[Black "Jager, Jesse"]
[Result "1-0"]
[WhiteElo "2117"]
[BlackElo "1947"]
[PlyCount "64"]
[EventDate "2005.12.28"]
[EventType "swiss"]
[EventRounds "11"]
[EventCountry "AUS"]
[SourceTitle "CBM 110 Extra"]
[Source "ChessBase"]
[SourceDate "2006.03.10"]
[SourceVersion "2"]
[SourceVersionDate "2006.03.10"]
[SourceQuality "1"]

1. e4 c5 2. Nf3 e6 3. d4 cxd4 4. Nxd4 a6 5. Bd3 Nf6 6. Nc3 Qc7 7. 0-0 Bc5 8. Nb3 Be7 9. Qe2 d6 10. Kh1 Nbd7 11. f4 b5 12. Bd2 Bb7 13. a4 b4 14. Na2 a5 15. c3 d5 16. e5 Ne4 17. cxb4 Nxd2 18. Qxd2 axb4 19. Rfc1 Qd8 20. Nxb4 0-0 21. a5 Qb8 22. Nd4 Bxb4 23. Qxb4 Rc8 24. h3 Ba6 25. Qxb8 Rcxb8 26. Bxa6 Rxa6 27. Rc7 Nb6 28. Nc6 Rba8 29. b4 d4 30. b5 Nd5 31. Ne7+ Nxe7 32. bxa6 Nd5 1-0

[Event "Victoria-ch U14/U16/U18"]
[Site "Box Hill"]
[Date "2005.05.01"]
[Round "7"]
[White "Wallis, Christopher"]
[Black "Jager, Jesse"]
[Result "1/2-1/2"]
[WhiteElo "1950"]
[BlackElo "1890"]
[PlyCount "70"]
[EventDate "2005.05.05"]
[EventType "swiss"]
[EventRounds "8"]
[EventCountry "AUS"]
[SourceTitle "EXT 2018"]
[Source "ChessBase"]
[SourceDate "2017.10.13"]
[SourceVersion "1"]
[SourceVersionDate "2017.10.13"]
[SourceQuality "1"]

1. e4 c5 2. Nf3 e6 3. c3 Nf6 4. e5 Nd5 5. d4 cxd4 6. cxd4 b6 7. Bd3 Bb7 8. Nc3 Nxc3 9. bxc3 Qc7 10. 0-0 Qxc3 11. Be3 Nc6 12. Rc1 Qa3 13. Bc4 Be7 14. d5 exd5 15. Bxd5 0-0 16. Rc4 b5 17. Rg4 Kh8 18. Be4 Rad8 19. Rg3 Qa4 20. Qb1 g6 21. Bh6 Rfe8 22. Bd5 Rf8 23. Bxf8 Rxf8 24. Qb3 Qf4 25. Qxb5 Ba8 26. Qc4 Qf5 27. Qe4 Qxe4 28. Bxe4 Rb8 29. Rd1 Rb4 30. Bd5 Kg7 31. Bb3 a5 32. Bd5 Rb2 33. Ne1 Rb5 34. Nf3 Nxe5 35. Bxa8 Nxf3+ 1/2-1/2

[Event "Victoria-ch U14/U16/U18"]
[Site "Box Hill"]
[Date "2005.04.24"]
[Round "3"]
[White "Jager, Jesse"]
[Black "Yap, Alwyn"]
[Result "1-0"]
[WhiteElo "1890"]
[BlackElo "1247"]
[PlyCount "49"]
[EventDate "2005.05.05"]
[EventType "swiss"]
[EventRounds "8"]
[EventCountry "AUS"]
[SourceTitle "EXT 2018"]
[Source "ChessBase"]
[SourceDate "2017.10.13"]
[SourceVersion "1"]
[SourceVersionDate "2017.10.13"]
[SourceQuality "1"]

1. e4 d5 2. exd5 Nf6 3. c4 e6 4. d4 exd5 5. Nc3 Bb4 6. Bd3 0-0 7. Nge2 Nbd7 8. 0-0 b6 9. cxd5 Bb7 10. Bg5 Be7 11. Qc2 h6 12. Bf4 Rc8 13. Qb3 c5 14. dxc6 Bxc6 15. Ng3 Nh7 16. Nf5 Bg5 17. Bd6 Re8 18. f4 Bf6 19. Bc4 Be4 20. Bxf7+ Kh8 21. Bxe8 Bxf5 22. Bxd7 Bxd4+ 23. Kh1 Qxd7 24. Be5 Re8 25. Rad1 1-0

[Event "Box Hill Victorian-ch U20"]
[Site "Box Hill"]
[Date "2005.04.23"]
[Round "1"]
[White "Drew, Phillip"]
[Black "Jager, Jesse"]
[Result "0-1"]
[WhiteElo "1115"]
[BlackElo "1890"]
[PlyCount "92"]
[EventDate "2005.04.23"]
[EventType "swiss"]
[EventRounds "7"]
[EventCountry "AUS"]
[SourceTitle "EXT 2010"]
[Source "ChessBase"]
[SourceDate "2010.11.25"]
[SourceVersion "1"]
[SourceVersionDate "2010.11.25"]
[SourceQuality "1"]

1. e4 c5 2. Nf3 e6 3. d4 cxd4 4. Nxd4 a6 5. Nc3 Qc7 6. Be3 Nf6 7. f3 Bb4 8. Bd2 0-0 9. a3 Be7 10. Be3 b5 11. Qd2 Nc6 12. Be2 Bb7 13. 0-0 d6 14. Rad1 Rad8 15. Kh1 Nxd4 16. Qxd4 e5 17. Qb6 Rc8 18. Qxc7 Rxc7 19. Bg5 Rd8 20. Rd2 h6 21. Be3 Rdc8 22. Rfd1 Rxc3 23. bxc3 Rxc3 24. Rd3 Rxc2 25. R1d2 Rc1+ 26. Rd1 Rc8 27. Rc1 Rxc1+ 28. Bxc1 d5 29. Rc3 Bd6 30. exd5 Nxd5 31. Rc2 f5 32. Rd2 Kf7 33. Bd1 Ke6 34. Bb3 g6 35. Bb2 h5 36. Kg1 e4 37. fxe4 fxe4 38. Re2 Kf5 39. Rf2+ Kg4 40. Bd1+ Kg5 41. Bc1+ e3 42. Re2 Kf6 43. Bxe3 Nxe3 44. Rxe3 Bc5 45. Kf2 Bxe3+ 46. Kxe3 Bxg2 0-1

[Event "AUS-ch op U18"]
[Site "Mount Buller"]
[Date "2005.01.17"]
[Round "8"]
[White "Jager, Jesse"]
[Black "Oliver, Gareth"]
[Result "0-1"]
[WhiteElo "1895"]
[BlackElo "1931"]
[PlyCount "62"]
[EventDate "2005.01.11"]
[EventType "swiss"]
[EventRounds "11"]
[EventCountry "AUS"]
[SourceTitle "EXT 2009"]
[Source "ChessBase"]
[SourceDate "2008.11.26"]
[SourceVersion "1"]
[SourceVersionDate "2008.11.26"]
[SourceQuality "1"]

1. c4 Nf6 2. Nc3 g6 3. e4 d6 4. d4 Bg7 5. f3 0-0 6. Nge2 Nc6 7. Bg5 h6 8. Be3 a6 9. Qd2 Kh7 10. g4 Ng8 11. Ng3 e5 12. dxe5 Nxe5 13. Be2 Ne7 14. h3 Be6 15. Nd5 b5 16. cxb5 axb5 17. 0-0 c6 18. Nb4 Nc4 19. Bxc4 Bxc4 20. Rfd1 c5 21. Nc2 Bxa2 22. Na3 Bb3 23. Rdc1 b4 24. Nb5 Rxa1 25. Rxa1 Qb6 26. Qxb4 cxb4 27. Bxb6 Rb8 28. Nd4 Bc4 29. Rc1 Ba6 30. Nc6 Nxc6 31. Rxc6 Rxb6 0-1

[Event "AUS-ch op U18"]
[Site "Mount Buller"]
[Date "2005.01.16"]
[Round "7"]
[White "Jager, Jesse"]
[Black "Yu, Ronald"]
[Result "1/2-1/2"]
[WhiteElo "1895"]
[BlackElo "2092"]
[PlyCount "80"]
[EventDate "2005.01.11"]
[EventType "swiss"]
[EventRounds "11"]
[EventCountry "AUS"]
[SourceTitle "EXT 2009"]
[Source "ChessBase"]
[SourceDate "2008.11.26"]
[SourceVersion "1"]
[SourceVersionDate "2008.11.26"]
[SourceQuality "1"]

1. d4 g6 2. e4 c6 3. Nc3 Bg7 4. Bc4 e6 5. Nf3 d5 6. Be2 Nf6 7. e5 Nfd7 8. Bg5 Qb6 9. a3 c5 10. dxc5 Qxc5 11. Be3 Qe7 12. Bg5 f6 13. exf6 Bxf6 14. Bh6 a6 15. Qd2 Nc6 16. 0-0 Bg7 17. Rfe1 0-0 18. Bxg7 Qxg7 19. Rad1 Qf6 20. Bf1 Nde5 21. Nxe5 Nxe5 22. Qd4 Nc6 23. Qxf6 Rxf6 24. Ne2 b5 25. Nd4 Nd8 26. Rd3 Nf7 27. Rc3 e5 28. Nf3 Re6 29. Rc7 Re8 30. h3 Rb8 31. c3 Rb7 32. Rc5 Rd7 33. a4 bxa4 34. Ra5 Rb7 35. Rxa4 Rxb2 36. Bxa6 e4 37. Nd4 Ne5 38. Bxc8 Rxc8 39. Ra5 Nd3 40. Re2 Rxc3 1/2-1/2

[Event "AUS-ch op U18"]
[Site "Mount Buller"]
[Date "2005.01.15"]
[Round "6"]
[White "Chow, Samuel"]
[Black "Jager, Jesse"]
[Result "1/2-1/2"]
[WhiteElo "2199"]
[BlackElo "1895"]
[PlyCount "49"]
[EventDate "2005.01.11"]
[EventType "swiss"]
[EventRounds "11"]
[EventCountry "AUS"]
[SourceTitle "EXT 2009"]
[Source "ChessBase"]
[SourceDate "2008.11.26"]
[SourceVersion "1"]
[SourceVersionDate "2008.11.26"]
[SourceQuality "1"]

1. d4 c5 2. c3 e6 3. e4 cxd4 4. cxd4 Nf6 5. e5 Nd5 6. Nf3 b6 7. a3 Bb7 8. Bd3 d6 9. 0-0 Nd7 10. Bg5 Be7 11. Bxe7 Qxe7 12. Nbd2 dxe5 13. dxe5 0-0 14. Re1 Rfd8 15. Bf1 Rac8 16. Qa4 a6 17. Qg4 Nf8 18. Nc4 Ng6 19. Nd6 Rc2 20. Ng5 Rxb2 21. Qh5 h6 22. Ngxf7 Ndf4 23. Qg4 Rf8 24. Nxb7 Rxf7 25. Nd6 1/2-1/2

[Event "Victoria-ch op"]
[Site "Box Hill"]
[Date "2004.06.12"]
[Round "1"]
[White "Jager, Jesse"]
[Black "Kloprogge, Ion"]
[Result "1-0"]
[WhiteElo "1861"]
[BlackElo "1417"]
[PlyCount "89"]
[EventDate "2004.06.12"]
[EventType "swiss"]
[EventRounds "7"]
[EventCountry "AUS"]
[SourceTitle "EXT 2018"]
[Source "ChessBase"]
[SourceDate "2017.10.13"]
[SourceVersion "1"]
[SourceVersionDate "2017.10.13"]
[SourceQuality "1"]

1. e4 e5 2. Nf3 Nc6 3. Bb5 d6 4. d4 a6 5. Bxc6+ bxc6 6. dxe5 Bg4 7. exd6 cxd6 8. 0-0 Ne7 9. Nc3 Ng6 10. Qd3 Be7 11. h3 Be6 12. Nd4 Bd7 13. f4 0-0 14. Be3 Re8 15. Rad1 Bf8 16. Nf5 Bxf5 17. exf5 Ne7 18. Rfe1 d5 19. Na4 Qc8 20. Nb6 Qb7 21. Nxa8 Rxa8 22. Bd4 g6 23. fxg6 fxg6 24. Qe3 Qd7 25. Qe6+ Qxe6 26. Rxe6 Nf5 27. Bc3 d4 28. Bd2 c5 29. g4 Ng7 30. Rc6 a5 31. a4 Kf7 32. Rb6 Ne8 33. Rb5 Nc7 34. Rxa5 Re8 35. Ra7 Bd6 36. Re1 Rc8 37. Kg2 Kf8 38. a5 c4 39. Rb7 Nd5 40. a6 c3 41. bxc3 dxc3 42. Bc1 Rd8 43. a7 h6 44. Rd1 Nxf4+ 45. Bxf4 1-0

[Event "Victoria-ch op"]
[Site "Box Hill"]
[Date "2004.06.12"]
[Round "2"]
[White "Lin, Zhigen Wilson"]
[Black "Jager, Jesse"]
[Result "1/2-1/2"]
[WhiteElo "1644"]
[BlackElo "1861"]
[PlyCount "110"]
[EventDate "2004.06.12"]
[EventType "swiss"]
[EventRounds "7"]
[EventCountry "AUS"]
[SourceTitle "EXT 2018"]
[Source "ChessBase"]
[SourceDate "2017.10.13"]
[SourceVersion "1"]
[SourceVersionDate "2017.10.13"]
[SourceQuality "1"]

1. e4 c5 2. Nf3 Nc6 3. Bb5 g6 4. 0-0 Bg7 5. Bxc6 dxc6 6. d3 Nf6 7. Nc3 0-0 8. h3 Qc7 9. Be3 b6 10. Qd2 e5 11. Bh6 Bd7 12. Rad1 Ne8 13. Bxg7 Nxg7 14. Qh6 f6 15. Qe3 Be6 16. Rde1 Bf7 17. Nd2 Ne6 18. Ne2 g5 19. Rc1 Qd7 20. Nb3 a5 21. Nd2 Nd4 22. b3 a4 23. Nxd4 cxd4 24. Qf3 Kg7 25. Ra1 Ra6 26. Rfb1 b5 27. Nf1 axb3 28. axb3 Qa7 29. Qd1 Ra8 30. Rxa6 Qxa6 31. Ng3 Bg6 32. Kh2 Qa5 33. Rc1 c5 34. Qg4 Ra7 35. Qd1 c4 36. Qg4 Qc7 37. h4 h6 38. h5 Bh7 39. Nf5+ Bxf5 40. Qxf5 Qf7 41. Qg4 Ra6 42. g3 Qc7 43. Kg2 Qf7 44. f4 Kh7 45. fxe5 fxe5 46. Qf5+ Qxf5 47. exf5 g4 48. Re1 Ra2 49. Rxe5 Rxc2+ 50. Kf1 Kg7 51. Re4 Kf6 52. Rxg4 Kxf5 53. Rg6 Rc3 54. Ke2 Rxb3 55. Rxh6 Kg4 1/2-1/2

[Event "Doeberl Cup Major 42nd"]
[Site "Canberra"]
[Date "2004.04.12"]
[Round "6"]
[White "Jager, Jesse"]
[Black "De Noskowski, Adrian"]
[Result "0-1"]
[WhiteElo "1821"]
[BlackElo "1836"]
[PlyCount "26"]
[EventDate "2004.04.09"]
[EventType "swiss"]
[EventRounds "7"]
[EventCountry "AUS"]
[SourceTitle "EXT 2006"]
[Source "ChessBase"]
[SourceDate "2005.11.24"]
[SourceVersion "1"]
[SourceVersionDate "2005.11.24"]
[SourceQuality "1"]

1. e4 c6 2. d4 d5 3. e5 Bf5 4. Nc3 e6 5. g4 Bg6 6. Nge2 c5 7. h4 h6 8. Be3 Qb6 9. Qc1 Nc6 10. dxc5 Bxc5 11. Bxc5 Qxc5 12. Qf4 Nb4 13. Nd4 Qxd4 0-1

[Event "Doeberl Cup Major 42nd"]
[Site "Canberra"]
[Date "2004.04.10"]
[Round "3"]
[White "Jager, Jesse"]
[Black "Dunn, Michael G"]
[Result "1-0"]
[WhiteElo "1821"]
[BlackElo "1926"]
[PlyCount "51"]
[EventDate "2004.04.09"]
[EventType "swiss"]
[EventRounds "7"]
[EventCountry "AUS"]
[SourceTitle "EXT 2006"]
[Source "ChessBase"]
[SourceDate "2005.11.24"]
[SourceVersion "1"]
[SourceVersionDate "2005.11.24"]
[SourceQuality "1"]

1. e4 e6 2. d4 d5 3. Nc3 Bb4 4. e5 Ne7 5. a3 Bxc3+ 6. bxc3 c5 7. h4 Nbc6 8. h5 Qa5 9. Bd2 cxd4 10. cxd4 Qa4 11. c3 Qxd1+ 12. Rxd1 f6 13. h6 fxe5 14. hxg7 Rg8 15. Rxh7 Nf5 16. Bd3 e4 17. Be2 Nxg7 18. Nh3 Bd7 19. Bg5 Ne7 20. Bf6 Kf7 21. Be5 Kg6 22. Rh4 Nef5 23. Nf4+ Kg5 24. Rg4+ Kh6 25. Kd2 Nh5 26. Rh1 1-0

[Event "AUS-ch op U20"]
[Site "Perth "]
[Date "2004.01.25"]
[Round "11"]
[White "Kimura, Toshi"]
[Black "Jager, Jesse"]
[Result "0-1"]
[WhiteElo "1723"]
[BlackElo "1598"]
[PlyCount "84"]
[EventDate "2004.01.14"]
[EventType "swiss"]
[EventRounds "11"]
[EventCountry "AUS"]
[SourceTitle "EXT 2006"]
[Source "ChessBase"]
[SourceDate "2005.11.24"]
[SourceVersion "1"]
[SourceVersionDate "2005.11.24"]
[SourceQuality "1"]

1. Nf3 c5 2. g3 g6 3. Bg2 Bg7 4. d3 Nc6 5. e4 e6 6. 0-0 Nge7 7. Nbd2 0-0 8. c3 Rb8 9. Qe2 d6 10. Nb3 e5 11. Be3 f5 12. exf5 gxf5 13. Bg5 Qe8 14. Rfe1 Qh5 15. Bxe7 Nxe7 16. Nfd4 Qg6 17. Nc2 Be6 18. Rad1 f4 19. Be4 Qg5 20. h4 Qh6 21. Qd2 Bf6 22. f3 Kh8 23. Kg2 Bxb3 24. axb3 d5 25. Bxh7 Kxh7 26. g4 Ng6 27. h5 Ne7 28. Ra1 a6 29. b4 cxb4 30. Nxb4 Rbd8 31. Qc2 d4 32. Ra5 Qg5 33. Qf2 Nf5 34. Re4 Ne3+ 35. Kh3 Rg8 36. Rxe3 dxe3 37. Qe1 Qg7 38. Qe2 Be7 39. Nc2 Qg5 40. Ne1 Qh4+ 41. Kg2 Qg3+ 42. Kh1 Bh4 0-1

[Event "AUS-ch op U20"]
[Site "Perth "]
[Date "2004.01.23"]
[Round "9"]
[White "Wongwichit, Phachara"]
[Black "Jager, Jesse"]
[Result "1-0"]
[WhiteElo "1773"]
[BlackElo "1598"]
[PlyCount "100"]
[EventDate "2004.01.14"]
[EventType "swiss"]
[EventRounds "11"]
[EventCountry "AUS"]
[SourceTitle "EXT 2006"]
[Source "ChessBase"]
[SourceDate "2005.11.24"]
[SourceVersion "1"]
[SourceVersionDate "2005.11.24"]
[SourceQuality "1"]

1. e4 c5 2. Nf3 d6 3. d4 cxd4 4. Nxd4 Nf6 5. Nc3 a6 6. f3 e6 7. Be3 b5 8. Be2 Bb7 9. Qd2 Nbd7 10. g4 Nb6 11. a3 Rc8 12. g5 Nfd7 13. f4 Nc5 14. Bd3 Nc4 15. Bxc4 bxc4 16. Qg2 Qb6 17. Rb1 Be7 18. 0-0 0-0 19. f5 exf5 20. Nxf5 Qd8 21. Bd4 Ne6 22. Nh6+ Kh8 23. Rxf7 Nxd4 24. Rxf8+ Qxf8 25. Rf1 Qe8 26. Nf7+ Kg8 27. g6 h6 28. Qd2 Ne6 29. Nxh6+ gxh6 30. Qxh6 Ng5 31. Rf7 Qxf7 32. gxf7+ Kxf7 33. Qh5+ Kg7 34. h4 Rh8 35. Qg4 Bc8 36. Qe2 Rxh4 37. Qxc4 Rg4+ 38. Kf2 Nh3+ 39. Ke3 Bg5+ 40. Kd4 Bf6+ 41. Kd5 Rg5+ 42. Kxd6 Be5+ 43. Kc6 Rg6+ 44. Kc5 Bd7 45. Qd3 Rc6+ 46. Kb4 Bd6+ 47. Kb3 Be6+ 48. Nd5 Nf4 49. Qg3+ Kh6 50. c4 Ng6 1-0

[Event "AUS-ch op U20"]
[Site "Perth "]
[Date "2004.01.17"]
[Round "5"]
[White "Jager, Jesse"]
[Black "Oliver, Gareth"]
[Result "1-0"]
[WhiteElo "1598"]
[BlackElo "1844"]
[PlyCount "51"]
[EventDate "2004.01.14"]
[EventType "swiss"]
[EventRounds "11"]
[EventCountry "AUS"]
[SourceTitle "EXT 2006"]
[Source "ChessBase"]
[SourceDate "2005.11.24"]
[SourceVersion "1"]
[SourceVersionDate "2005.11.24"]
[SourceQuality "1"]

1. e4 e6 2. d4 d5 3. Nc3 Bb4 4. e5 Qe7 5. Qg4 f5 6. Qg3 b6 7. a3 Bxc3+ 8. bxc3 Ba6 9. Bxa6 Nxa6 10. Ne2 0-0-0 11. a4 Nb8 12. a5 Nc6 13. axb6 cxb6 14. 0-0 Na5 15. Nf4 Qf7 16. Rxa5 bxa5 17. c4 Ne7 18. Qc3 Kd7 19. Qxa5 Nc6 20. Qa4 Kc7 21. cxd5 exd5 22. Ba3 g5 23. Bd6+ Rxd6 24. exd6+ Kxd6 25. Nd3 Rb8 26. Qxc6+ 1-0

[Event "AUS-ch reserves"]
[Site "Melbourne"]
[Date "2001.12.31"]
[Round "4"]
[White "Tsagarakis, Angelo"]
[Black "Jager, Jesse"]
[Result "1-0"]
[WhiteElo "1778"]
[BlackElo "1441"]
[PlyCount "81"]
[EventDate "2001.12.28"]
[EventType "swiss"]
[EventRounds "11"]
[EventCountry "AUS"]
[SourceTitle "EXT 2003"]
[Source "ChessBase"]
[SourceDate "2002.11.25"]
[SourceVersion "1"]
[SourceVersionDate "2002.11.25"]
[SourceQuality "1"]

1. b3 e5 2. Bb2 Nc6 3. c4 d6 4. Nc3 Nf6 5. g3 g6 6. Bg2 Bg7 7. Nf3 0-0 8. 0-0 Nh5 9. e4 Bg4 10. h3 Bxf3 11. Bxf3 Nf6 12. Ne2 Nd7 13. Bg2 f5 14. exf5 gxf5 15. f4 Nc5 16. d3 a5 17. a3 Qe8 18. Bc3 Qg6 19. b4 axb4 20. axb4 Rxa1 21. Bxa1 Nxb4 22. d4 exd4 23. Bxd4 Ncd3 24. Rf3 Bxd4+ 25. Nxd4 Qe8 26. Rxd3 Nxd3 27. Qxd3 Qe1+ 28. Kh2 Re8 29. Qxf5 Qf2 30. Ne6 Qb2 31. h4 Qe2 32. Ng5 Re7 33. Kh3 c6 34. Ne4 Qxc4 35. Nf6+ Kh8 36. Nd5 Re8 37. Qf6+ Kg8 38. Ne7+ Rxe7 39. Qxe7 Qb4 40. h5 Qc5 41. Kh4 1-0

[Event "AUS-ch reserves"]
[Site "Melbourne"]
[Date "2001.12.30"]
[Round "3"]
[White "Jager, Jesse"]
[Black "Schulzer, Peter"]
[Result "1-0"]
[WhiteElo "1441"]
[BlackElo "1725"]
[PlyCount "65"]
[EventDate "2001.12.28"]
[EventType "swiss"]
[EventRounds "11"]
[EventCountry "AUS"]
[SourceTitle "EXT 2003"]
[Source "ChessBase"]
[SourceDate "2002.11.25"]
[SourceVersion "1"]
[SourceVersionDate "2002.11.25"]
[SourceQuality "1"]

1. c4 Nf6 2. Nc3 g6 3. e4 d6 4. d4 Bg7 5. f3 0-0 6. Bg5 c5 7. d5 Nbd7 8. Nge2 h6 9. Be3 Ne5 10. Ng3 e6 11. Qd2 Kh8 12. h4 exd5 13. cxd5 a6 14. h5 g5 15. a4 Bd7 16. Be2 Rc8 17. Nf1 c4 18. a5 Ne8 19. f4 gxf4 20. Bxf4 f5 21. Ng3 Qf6 22. Rf1 Qh4 23. Rh1 Qe7 24. Kd1 fxe4 25. Ngxe4 Nf6 26. Re1 Nxe4 27. Nxe4 Bf5 28. Ng3 Qf7 29. Rf1 Qd7 30. Bxe5 Bxe5 31. Nxf5 Rxf5 32. Qc2 Rff8 33. g4 1-0

[Event "Box Hill op"]
[Site "Box Hill"]
[Date "2001.09.28"]
[Round "4.16"]
[White "Chow, Valery"]
[Black "Jager, Jesse"]
[Result "1-0"]
[WhiteElo "1711"]
[BlackElo "1454"]
[PlyCount "55"]
[EventDate "2001.09.??"]
[EventType "swiss"]
[EventRounds "7"]
[EventCountry "AUS"]
[SourceTitle "EXT 2003"]
[Source "ChessBase"]
[SourceDate "2002.11.25"]
[SourceVersion "1"]
[SourceVersionDate "2002.11.25"]
[SourceQuality "1"]

1. Nf3 Nf6 2. c4 g6 3. Nc3 Bg7 4. e4 d6 5. d4 0-0 6. Be2 e5 7. d5 a5 8. h3 Na6 9. Be3 Nh5 10. Qd2 Nf4 11. 0-0-0 Nxg2 12. Bg5 Qe8 13. Nh2 Nf4 14. h4 h5 15. Rdg1 Kh7 16. Rg3 f6 17. Bxf4 exf4 18. Rgg1 f3 19. Nxf3 Bh6 20. Ng5+ fxg5 21. hxg5 Bg7 22. f4 Rh8 23. f5 gxf5 24. Bxh5 Qe7 25. Bf7+ Bh6 26. Rxh6+ Kg7 27. Rxh8 Kxh8 28. g6 1-0